In quale città è successo? #8 - Statistics

Statistiche generali
  • Questo quiz è stato fatto 83 volte
  • Il punteggio medio è 7 su 20
Statistiche sulle risposte
Anno Evento Città % Corretto
70 Inizia la costruzione dell'Anfiteatro Flavio Roma
92%
2021 Un gruppo di rivoltosi assalta il Campidoglio Washington
86%
1265 Nasce Dante Alighieri, considerato il padre della lingua italiana Firenze
72%
1917 L'insurrezione della città dà il via alla rivoluzione russa San Pietroburgo
54%
1545 Si apre qui un lungo concilio ecumenico che ridisegna la Chiesa cattolica dando il via alla Controrifoma Trento
47%
1529 La città resiste all'assedio posto dalle armate ottomane Vienna
44%
1204 I crociati saccheggiano la città cacciandone il basileus Costantinopoli
42%
1860 Nei pressi di questa cittadina avvieneun celebre incontro tra Vittorio Emanuele II e Giuseppe Garibaldi Teano
38%
1992 Dodici paesi firmano i trattati istitutivi dell'Unione Europea Maastricht
35%
1943 Per la prima volta, Roosevelt, Churchill e Stalin si incontrano di persona Teheran
32%
1993 Col patrocinio statunitense, si tengono dei colloqui di pace tra il presidente israeliano Rabin e il leader palestinese Arafat Oslo
26%
1945 Sulla corazzata USS Missouri, ancorata davanti alla città, è firmato l'armistizio che pone fine alla seconda guerra mondiale Tokyo
25%
1937-38 I massacri compiuti dall'esercito giapponese in questa città passano alla storia come "lo stupro di..." Nanchino
24%
415 a.C. Una spedizione ateniese attacca questa città magnogreca Siracusa
22%
1519 La spedizione di Ferdinando Magellano, che compirà la prima circumnavigazione del globo, salpa da questa città Siviglia
22%
1122 Si firma il concordato che pone fine alla lotta per le investiture tra Chiesa e Impero Worms
21%
1713 I trattati firmati in questa città pongono fine alla guerra di successione spagnola Utrecht
14%
1347 I marinai genovesi portano la peste nera in questa città, la prima dell'Europa occidentale a essere colpita dal morbo Messina
13%
1955 Si tiene una famosa conferenza tra ventinove paesi asiatici e africani Bandung
11%
1450 ca Johannes Gutenberg inventa la stampa a caratteri mobili Magonza
8%
Nessun quiz corrispondente trovato
Distribuzione punteggi
Percentuale di utenti per punteggio
Percentile per numero di risposta
I tuoi punteggi nel tempo
Non hai fatto questo quiz